Hospodárenie s prostriedkami Európskych spoločenstiev

Hospodárenie s prostriedkami Európskych spoločenstiev a s prostriedkami štátneho rozpočtu SR na financovanie spoločných programov SR a EÚ podľa medzinárodných zmlúv uzatvorených do dňa nadobudnutia platnosti zmluvy o pristúpení SR k Európskym spoločenstvám a k EÚ. Úprava finančných vzťahov štátneho...

Descrizione completa

Salvato in:
Dettagli Bibliografici
Autore principale: Harušťáková, Iveta
Natura: Capitolo di libro
Lingua:slovacco
Soggetti:
Tags: Aggiungi Tag
Nessun Tag, puoi essere il primo ad aggiungerne!!

MARC

LEADER 00000naa a2200000 4500
001 r047097
005 20230711120522.1
041 0 |a slo 
044 |a SK 
245 1 0 |a Hospodárenie s prostriedkami Európskych spoločenstiev  |c Iveta Harušťáková 
520 |a Hospodárenie s prostriedkami Európskych spoločenstiev a s prostriedkami štátneho rozpočtu SR na financovanie spoločných programov SR a EÚ podľa medzinárodných zmlúv uzatvorených do dňa nadobudnutia platnosti zmluvy o pristúpení SR k Európskym spoločenstvám a k EÚ. Úprava finančných vzťahov štátneho rozpočtu SR a rozpočtu Európskych spoločenstiev vo väzbe na spolufinancovanie spoločných programov. Finančné toky medzi SR a rozpočtom Európskych spoločenstiev. Finančné toky v rámci SR. Predvstupová pomoc. Štrukturálne fondy a kohézny fond. Mechanizmus financovania vo väzbe na beneficienta. Dotácie zo štátneho rozpočtu. 
610 2 0 |a fondy finančné 
610 2 0 |a rozpočet štátny 
610 2 0 |a rozpočty 
610 2 0 |a Európske spoločenstvá 
610 2 0 |a Európska únia 
610 2 0 |a programy rozvojové 
610 2 0 |a hospodárenie finančné 
610 2 0 |a disciplína finančná 
610 2 0 |a financovanie 
610 2 0 |a pomoc finančná 
610 2 0 |a pomoc rozvojová 
610 2 0 |a fondy štruktúrne 
610 2 0 |a dotácie štátne 
610 2 0 |a Slovensko 
100 1 |a Harušťáková, Iveta